La entrometida / (Record no. 174428)

MARC details
000 -LEADER
campo de control de longitud fija 00851nam a2200229 i 4500
001 - NÚMERO DE CONTROL
campo de control 174428
003 - IDENTIFICADOR DE NÚMERO DE CONTROL
campo de control ES-MaACL
005 - FECHA Y HORA DE LA ÚLTIMA TRANSACCIÓN
campo de control 20250504135328.0
008 - DATOS DE LONGITUD FIJA--INFORMACIÓN GENERAL
campo de control de longitud fija 100421s1921 sp |||| | spa d
080 ## - NÚMERO DE LA CLASIFICACIÓN DECIMAL UNIVERSAL
Número de la Clasificación Decimal Universal 821.134.2-32"18"
100 1# - ENTRADA PRINCIPAL--NOMBRE DE PERSONA
Nombre de persona Burgos, Carmen de,
Fechas asociadas al nombre 1867-1932
9 (RLIN) 32646
245 13 - MENCIÓN DEL TÍTULO
Título La entrometida /
Mención de responsabilidad, etc. Carmen de Burgos (Colombine).
260 ## - PUBLICACIÓN, DISTRIBUCIÓN, ETC.
Lugar de publicación, distribución, etc. Madrid :
Nombre del editor, distribuidor, etc. La Novela Corta,
Fecha de publicación, distribución, etc. 1921.
300 ## - DESCRIPCIÓN FÍSICA
Extensión [20] p. ;
Dimensiones 20 cm.
490 1# - MENCIÓN DE SERIE
Mención de serie La Novela Corta ;
Designación de volumen o secuencia año 6, n. 292
530 ## - NOTA DISPONIBLE DE FORMULARIO FÍSICO ADICIONAL
Nota de formato físico adicional disponible Disponible en formato digital.
830 0# - PUNTO DE ACCESO ADICIONAL DE SERIE-TÍTULO UNIFORME
Título uniforme La Novela Corta ;
Designación de volumen o secuencia año 6, n. 292
9 (RLIN) 182142
852 ## - LOCALIZACIÓN
Ubicación ES-MaACL
Número de control de estantería 2256-F-15
Ubicación en estantería Depósito folletos
Nota libre Revisadom enlace: 04 de Mayo de 2025
856 4# - LOCALIZACIÓN Y ACCESO ELECTRÓNICOS
Identificador Uniforme de Recursos <a href="http://www.bibliotecavirtualdeandalucia.es/catalogo/es/consulta/registro.cmd?id=6118">http://www.bibliotecavirtualdeandalucia.es/catalogo/es/consulta/registro.cmd?id=6118</a>
Texto de enlace Biblioteca Virtual de Andalucía
942 ## - ELEMENTOS DE ENTRADA SECUNDARIOS (KOHA)
Fuente del sistema de clasificación o colocación Clasificación decimal universal
Holdings
Estatus retirado Estado de pérdida Fuente del sistema de clasificación o colocación Estado de daño No para préstamo Colección Biblioteca de origen Biblioteca actual Ubicación en estantería Fecha de adquisición Total de préstamos Signatura topográfica completa Código de barras Visto por última vez Precio de reemplazo Tipo de ítem Koha
    Clasificación decimal universal     Biblioteca Digital del Ateneo de Madrid Biblioteca del Ateneo de Madrid Biblioteca del Ateneo de Madrid Depósito folletos 21/04/2010   2256-F-15 1183084 23/02/2023 23/02/2023 Folleto